Holiday Quiz

Random Holiday or Grab Bag Quiz

First Five: Holiday Quiz Stats

 Plays Quiz Updated Oct 6, 2018

Challenge
Share
Tweet
Embed
Score 0/30 Timer 06:00
12 Plays Today
% Correct
Turtle Doves
90.1%
Partridge
89.6%
French Hens
87.6%
New Year's Day (1st January)
87.6%
Martin Luther King Jr. Day (3rd Monday of January)
78.6%
the
78.6%
Calling Birds
78.4%
Geese
78.1%
Washington's Birthday (3rd Monday of February)
77.1%
is
76.1%
weather
75.6%
outside
75.3%
Independence Day (4th July)
73.8%
Diamond (April)
73.1%
Oh,
71.1%
% Correct
Dragon
71.1%
Memorial Day (last Monday of May)
70.6%
Rat
68.3%
Emerald (May)
67.9%
Dallas Cowboys
58.3%
Detroit Lions
52.6%
Ox
51.3%
Amethyst (February)
50.7%
Garnet (January)
50.3%
Tiger
46.2%
Washington Redskins
40.4%
Rabbit
38.3%
San Francisco 49ers
35.2%
Miami Dolphins
35.2%
Aquamarine (March)
32.9%

You're not logged in!

Compare scores with friends on all Sporcle quizzes.
OR
Log In

You Might Also Like...

Show Comments

Extras

Top Quizzes Today


Score Distribution

Your Account Isn't Verified!

In order to create a playlist on Sporcle, you need to verify the email address you used during registration. Go to your Sporcle Settings to finish the process.

Report this User

Report this user for behavior that violates our Community Guidelines.

Details: